Normal view
MARC view
- Swimming
Entry Topical Term
001 - CONTROL NUMBER
- control field: 45847
003 - CONTROL NUMBER IDENTIFIER
- control field: NUST
005 - DATE AND TIME OF LATEST TRANSACTION
- control field: 20210314133346.0
008 - FIXED-LENGTH DATA ELEMENTS
- fixed length control field: 210314|| aca||aabn | a|a d
040 ## - CATALOGING SOURCE
- Original cataloging agency: NUST
- Transcribing agency: NUST
150 ## - HEADING--TOPICAL TERM
- Topical term or geographic name entry element: Swimming
670 ## - SOURCE DATA FOUND
- Source citation: Work cat.: (NUST): Kiphuth, Robert J. H. 45846, Swimming, 1942
